[Event "Reykjavik Open 2025"]
[Site "Reykjavik"]
[Date "2025.04.12"]
[Round "5.144"]
[White "Eedle, Eric F"]
[Black "Geirsson, Kristjan"]
[Result "1-0"]
[WhiteElo "1972"]
[WhiteFideId "429627"]
[BlackElo "1830"]
[BlackFideId "2313596"]
[Variant "Standard"]
[StudyName "ROpen 2025 - Rd5 - Boards 109-172"]
1. d4 Nf6 2. c4 e6 3. Nc3 Bb4 4. f3 d5 5. a3 Bxc3+ 6. bxc3 c5 7. cxd5 Nxd5 8. dxc5 f5 9. Qc2 O-O 10. e4 fxe4 11. fxe4 Qh4+ 12. g3 Qf6 13. Bg2 Qxc3+ 14. Qxc3 Nxc3 15. Bf4 Nc6 16. Bd6 Rf7 17. Rc1 Nb5 18. Nf3 Nxd6 19. cxd6 e5 20. O-O Rf6 21. Rc5 Rxd6 22. Nxe5 Nxe5 23. Rxe5 Be6 24. Rc1 Rc8 25. Rxc8+ 1-0

[Event "Reykjavik Open 2025"]
[Site "Reykjavik"]
[Date "2025.04.12"]
[Round "5.145"]
[White "Johannsson, Markus Orri"]
[Black "Hellerud, Lauritz Nissen"]
[Result "1/2-1/2"]
[WhiteElo "1969"]
[WhiteFideId "2318539"]
[BlackElo "1821"]
[BlackFideId "1570528"]
[Variant "Standard"]
[StudyName "ROpen 2025 - Rd5 - Boards 109-172"]
1. e4 e6 2. d4 d5 3. exd5 exd5 4. Nf3 Nc6 5. Bf4 Bd6 6. Bxd6 Qxd6 7. c3 Bf5 8. Bd3 Bxd3 9. Qxd3 Nf6 10. Na3 O-O 11. O-O Rfe8 12. Rfe1 Ne4 13. Rad1 Ne7 14. c4 c6 15. c5 Qc7 16. Nc2 Ng6 17. g3 Re6 18. Re2 Rae8 19. Rde1 Qe7 20. Ne3 Qf6 21. Ng4 Qf5 22. Nfe5 Nxe5 23. Nxe5 Qh5 24. g4 Qg5 25. f3 Nxc5 26. Qc3 f6 27. f4 Qxf4 28. Rf1 Qg5 29. h4 Qh6 30. g5 fxg5 31. hxg5 Qxg5+ 32. Rg2 Qh4 33. Qxc5 Rh6 34. Nf3 Qh1+ 35. Kf2 Qh5 36. Rfg1 Rf6 37. Rxg7+ Kh8 38. Qc3 Ref8 39. R7g3 Qh4 40. Kg2 Qe4 41. Re1 Qf5 42. Qe3 Qf4 43. Qxf4 Rxf4 44. Re7 R8f7 45. Rxf7 Rxf7 46. Ne5 Rf4 47. b4 Rf5 48. Rf3 Rxf3 49. Kxf3 Kg7 50. a4 Kf6 51. Kf4 Ke6 52. b5 cxb5 53. axb5 a6 54. Nd3 axb5 55. Nc5+ Kd6 56. Nxb7+ Kc6 57. Na5+ Kb6 58. Nb3 h5 59. Kg5 b4 60. Kxh5 Kb5 61. Nd2 b3 62. Kg5 b2 63. Kf5 Kb4 64. Ke5 Kc3 65. Nb1+ Kc2 66. Na3+ 1/2-1/2

[Event "Reykjavik Open 2025"]
[Site "Reykjavik"]
[Date "2025.04.12"]
[Round "5.146"]
[White "Dale, Svein"]
[Black "Estevez Sacristan, Deva"]
[Result "1/2-1/2"]
[WhiteElo "1821"]
[WhiteFideId "1523120"]
[BlackElo "1958"]
[BlackFideId "32041101"]
[Variant "Standard"]
[StudyName "ROpen 2025 - Rd5 - Boards 109-172"]
1. e4 d6 2. b3 Nf6 3. d3 e5 4. Bb2 Be6 5. Nf3 h6 6. Be2 Nc6 7. Nbd2 g5 8. h3 Bg7 9. Rb1 Ne7 10. d4 exd4 11. Bxd4 Ng6 12. Bc4 O-O 13. O-O Nf4 14. Bxe6 fxe6 15. e5 N6d5 16. c4 dxe5 17. Nxe5 Ne7 18. Ba1 Qd6 19. Ne4 Qb6 20. Qc2 1/2-1/2

[Event "Reykjavik Open 2025"]
[Site "Reykjavik"]
[Date "2025.04.12"]
[Round "5.148"]
[White "De Winter, Eric"]
[Black "Schultze, Joerg-Martin"]
[Result "0-1"]
[WhiteElo "1771"]
[WhiteFideId "1033069"]
[BlackElo "1956"]
[BlackFideId "12972070"]
[Variant "Standard"]
[StudyName "ROpen 2025 - Rd5 - Boards 109-172"]
1. Nf3 Nf6 2. c4 c5 3. Nc3 d5 4. cxd5 Nxd5 5. g3 Nc6 6. Bg2 Nc7 7. d3 e5 8. O-O Be7 9. a3 Be6 10. Be3 O-O 11. Nd2 Qd7 12. Nde4 Nd4 13. f4 Bb3 14. Qd2 Nd5 15. Nxd5 Bxd5 16. Bxd4 exd4 17. f5 Bxe4 18. Bxe4 Bf6 19. Rab1 Rfe8 20. Qf4 Qe7 21. Qf3 Rab8 22. Rfc1 b5 23. b3 h6 24. h4 Qd6 25. Kg2 Re5 26. Kh3 Rbe8 27. Rc2 Qa6 28. Ra2 c4 29. bxc4 bxc4 30. Bb7 Qd6 31. dxc4 Re3 32. Qf2 Be5 33. Rg1 Qb6 34. Bf3 Qb3 35. Rd2 Qxc4 36. Rgd1 Rxa3 37. Rd3 Rc3 38. Qg2 Qc7 39. Rb1 Qd7 40. Bg4 Bf6 41. Rb7 Rc7 42. Rdb3 a5 43. Rxc7 Qxc7 44. Rb7 Qd6 45. Bh5 Re7 46. Rb5 Qd8 47. Qf3 a4 48. Qa3 Re3 49. Qxa4 Be5 50. Kg2 Rxg3+ 51. Kf2 Qxh4 52. Bxf7+ Kh7 53. Bg8+ Kxg8 54. Qc4+ Kh7 0-1

[Event "Reykjavik Open 2025"]
[Site "Reykjavik"]
[Date "2025.04.12"]
[Round "5.149"]
[White "Gudnyjarson, Sigurdur Pall"]
[Black "Standal, Egil Arne"]
[Result "1/2-1/2"]
[WhiteElo "1951"]
[WhiteFideId "2321637"]
[BlackElo "1766"]
[BlackFideId "1506978"]
[Variant "Standard"]
[StudyName "ROpen 2025 - Rd5 - Boards 109-172"]
1. d4 Nf6 2. c4 g6 3. Nc3 Bg7 4. e4 d6 5. Be2 O-O 6. Be3 Na6 7. h4 c5 8. d5 Nc7 9. h5 b5 10. cxb5 a6 11. a4 axb5 12. axb5 Rxa1 13. Qxa1 Bd7 14. hxg6 fxg6 15. b6 Qa8 16. Qxa8 Nxa8 17. e5 Ng4 18. b7 Nc7 19. exd6 exd6 20. Bxg4 Bxg4 21. Rh4 h5 22. Bf4 Rb8 23. Bxd6 Rxb7 24. Bxc7 Rxc7 25. f3 Bf6 26. Rxg4 hxg4 27. Kd2 gxf3 28. gxf3 Bg5+ 29. Kc2 Rh7 30. Nge2 Rd7 31. f4 Bh4 32. b3 Kf7 33. Kd3 Bf6 34. Kc4 Bxc3 35. Nxc3 Rb7 36. Nb5 Kf6 37. Kxc5 Rb8 38. Kc6 Kf5 39. d6 Kxf4 40. Nd4 g5 41. d7 g4 42. Kc7 Rh8 43. d8=Q Rxd8 44. Kxd8 Ke4 45. Ne2 Kd3 46. Ng3 Kc3 1/2-1/2

[Event "Reykjavik Open 2025"]
[Site "Reykjavik"]
[Date "2025.04.12"]
[Round "5.150"]
[White "Deelwater, Michael"]
[Black "Kirk, Eden"]
[Result "0-1"]
[WhiteElo "1766"]
[WhiteFideId "1352199"]
[BlackElo "1933"]
[BlackFideId "680290"]
[Variant "Standard"]
[StudyName "ROpen 2025 - Rd5 - Boards 109-172"]
1. e4 c5 2. c3 d6 3. d4 Nf6 4. Bd3 Nc6 5. d5 Ne5 6. Bc2 g6 7. Ne2 b5 8. f4 Nc4 9. O-O Bg7 10. Qd3 Bd7 11. a4 a6 12. b3 Na5 13. Nd2 Qc7 14. axb5 O-O 15. bxa6 Rfb8 16. f5 Ng4 17. fxg6 hxg6 18. Ba3 c4 19. bxc4 Ne5 20. Qg3 Naxc4 21. Bc1 Nxd2 22. Bxd2 Rb2 23. Rfc1 Nc4 24. Be3 Be5 25. Bf4 Bf6 26. Bd3 Bb5 27. Bxc4 Qxc4 28. Nd4 Bxa6 29. Be3 Qd3 30. Qf3 Rab8 31. h4 Rb1 32. h5 Rxa1 33. Rxa1 Rb1+ 34. Rxb1 Qxb1+ 35. Kh2 Bd3 36. hxg6 fxg6 37. Qg4 Bxe4 38. Bf4 Bxd5 39. Qc8+ Kf7 40. Qd7 Qe4 41. Qg4 e5 42. Nc6 Qxf4+ 0-1

[Event "Reykjavik Open 2025"]
[Site "Reykjavik"]
[Date "2025.04.12"]
[Round "5.151"]
[White "Solano, Juan Pablo"]
[Black "Opasiak, Dustin Tennessee"]
[Result "1-0"]
[WhiteElo "1929"]
[WhiteFideId "3306003"]
[BlackElo "1761"]
[BlackFideId "24630217"]
[Variant "Standard"]
[StudyName "ROpen 2025 - Rd5 - Boards 109-172"]
1. d4 Nf6 2. c4 c5 3. d5 b5 4. cxb5 a6 5. bxa6 Bxa6 6. Nc3 g6 7. e4 Bxf1 8. Kxf1 d6 9. g3 Bg7 10. Nf3 O-O 11. Kg2 Nbd7 12. h3 Qb6 13. Qe2 Rfb8 14. Nd2 Ne8 15. a4 Qb4 16. Ra3 Nb6 17. a5 Rxa5 18. Rb3 Qd4 19. Nf3 c4 20. Nxd4 Bxd4 21. Rb4 Bc5 22. Rb5 Raa8 23. Be3 1-0

[Event "Reykjavik Open 2025"]
[Site "Reykjavik"]
[Date "2025.04.12"]
[Round "5.152"]
[White "Hofland, Jeffrey"]
[Black "Sonne, Lasse"]
[Result "0-1"]
[WhiteElo "1761"]
[WhiteFideId "1085328"]
[BlackElo "1929"]
[BlackFideId "1477161"]
[Variant "Standard"]
[StudyName "ROpen 2025 - Rd5 - Boards 109-172"]
1. e4 e5 2. Nf3 Nc6 3. Nc3 Nf6 4. a3 d5 5. exd5 Nxd5 6. Bb5 Nxc3 7. Bxc6+ bxc6 8. bxc3 Bd6 9. d3 O-O 10. O-O Bg4 11. h3 Bh5 12. g4 Bg6 13. Qe2 f6 14. Nh4 f5 15. Nxg6 hxg6 16. g5 f4 17. Qg4 Rf5 18. h4 Be7 19. d4 Bxg5 20. dxe5 Qe7 21. Re1 Raf8 22. Re4 Bxh4 23. Bxf4 Bxf2+ 24. Kxf2 g5 25. Qe2 Qc5+ 26. Kg2 gxf4 27. Qc4+ Qxc4 28. Rxc4 f3+ 29. Kf2 Rxe5 30. Rxc6 Rf7 31. Rh1 Re2+ 32. Kf1 Rxc2 33. Re6 Rc1+ 34. Re1 Rxe1+ 35. Kxe1 f2+ 36. Ke2 f1=Q+ 37. Rxf1 Rxf1 38. Kxf1 Kf7 39. Kf2 Kf6 40. Kg3 Ke5 0-1

[Event "Reykjavik Open 2025"]
[Site "Reykjavik"]
[Date "2025.04.12"]
[Round "5.153"]
[White "Eiriksson, Theodor"]
[Black "Baldvinsson, Loftur"]
[Result "1/2-1/2"]
[WhiteElo "1742"]
[WhiteFideId "2322277"]
[BlackElo "1920"]
[BlackFideId "2301261"]
[Variant "Standard"]
[StudyName "ROpen 2025 - Rd5 - Boards 109-172"]
1. d4 Nf6 2. Nc3 e6 3. Bf4 d5 4. Nb5 Na6 5. e3 c6 6. Nc3 Qb6 7. Rb1 Bd7 8. Bd3 c5 9. Nf3 Nb4 10. O-O cxd4 11. exd4 Be7 12. Be5 O-O 13. Re1 Nxd3 14. Qxd3 h6 15. h3 Bc6 16. Bxf6 Bxf6 17. Ne5 Bxe5 18. Rxe5 Bd7 19. Qd2 Rac8 20. Ne2 Rc7 21. c3 Rfc8 22. Re3 Bb5 23. Nf4 Kh8 24. Rg3 g5 25. Nd3 Bxd3 26. Rxd3 Qd6 27. Re1 Rg8 28. h4 Rg6 29. hxg5 Rxg5 30. Rh3 Kg7 31. Re5 f6 32. Re1 Rg6 33. Rg3 Rxg3 34. fxg3 Qxg3 35. Rxe6 Qg4 36. Re3 Kf7 37. Qe2 Qxe2 38. Rxe2 Rc6 39. Kf2 a5 40. Kg3 b6 41. Kf4 1/2-1/2

[Event "Reykjavik Open 2025"]
[Site "Reykjavik"]
[Date "2025.04.12"]
[Round "5.154"]
[White "Smarason, Kristjan Ingi"]
[Black "Wedin, Svante"]
[Result "0-1"]
[WhiteElo "1714"]
[WhiteFideId "2318148"]
[BlackElo "1902"]
[BlackFideId "1711989"]
[Variant "Standard"]
[StudyName "ROpen 2025 - Rd5 - Boards 109-172"]
1. d4 d5 2. c4 c6 3. Nc3 Nf6 4. Nf3 dxc4 5. a4 Bf5 6. e3 e6 7. Bxc4 Nbd7 8. O-O Bd6 9. h3 O-O 10. Nh4 Bg6 11. Nxg6 hxg6 12. e4 e5 13. Be3 Qe7 14. Re1 Nb6 15. Ba2 Rad8 16. Qc2 Qc7 17. Rac1 exd4 18. Bxd4 Bh2+ 19. Kh1 Rxd4 20. Ne2 Rxa4 21. Bb3 Rxe4 22. g3 Bxg3 23. fxg3 Qe5 24. Rcd1 Re8 25. Rd2 Nh5 0-1

[Event "Reykjavik Open 2025"]
[Site "Reykjavik"]
[Date "2025.04.12"]
[Round "5.155"]
[White "Bourassa, Louis"]
[Black "Kleinert, Juergen"]
[Result "0-1"]
[WhiteElo "1688"]
[WhiteFideId "2624443"]
[BlackElo "1885"]
[BlackFideId "4659180"]
[Variant "Standard"]
[StudyName "ROpen 2025 - Rd5 - Boards 109-172"]
1. e4 e5 2. Nc3 Nc6 3. f4 exf4 4. Nf3 h6 5. d4 g5 6. h3 d6 7. Bc4 Bg7 8. Qd3 Nge7 9. a3 f5 10. Bd5 Nxd5 11. exd5 Ne7 12. Bd2 Ng6 13. O-O-O a6 14. Rde1+ Kf7 15. Rhf1 Bd7 16. Rf2 Qf6 17. Rfe2 Rhe8 18. Qc4 Rxe2 19. Rxe2 Rc8 20. Qb4 b6 21. Qc4 b5 22. Qd3 Re8 23. Na2 Rxe2 24. Qxe2 Qe7 25. Qxe7+ Nxe7 26. Ba5 Nxd5 27. Nb4 Nxb4 28. axb4 c6 29. Bc7 Ke7 30. Kd2 g4 31. Nh4 Bxd4 32. Ng6+ Kf6 33. Nxf4 Be5 34. Bd8+ Kf7 35. Nd3 Bf6 36. Bb6 Bg5+ 37. Ke2 h5 38. Bc7 Ke6 39. hxg4 hxg4 40. g3 Bf6 41. Ke3 Bg5+ 42. Ke2 Be8 43. c3 Bf7 44. Bb6 Ke7 45. Kf2 Bc4 46. Nf4 Bxf4 47. gxf4 Ke6 48. Bd4 Kd5 49. Ke3 c5 50. bxc5 dxc5 51. Be5 a5 52. Bc7 a4 53. Ba5 Ba2 54. Bb6 Bb1 55. Ba7 Be4 56. Bb6 g3 57. Bc7 Kc4 58. Bb6 Kb3 0-1

[Event "Reykjavik Open 2025"]
[Site "Reykjavik"]
[Date "2025.04.12"]
[Round "5.156"]
[White "Holcomb, David D"]
[Black "Isleifsson, Runar"]
[Result "0-1"]
[WhiteElo "1674"]
[WhiteFideId "39928314"]
[BlackElo "1879"]
[BlackFideId "2305917"]
[Variant "Standard"]
[StudyName "ROpen 2025 - Rd5 - Boards 109-172"]
1. d4 d5 2. Nc3 Nf6 3. Bf4 c6 4. e3 Bf5 5. Nf3 e6 6. a3 Nbd7 7. Ne5 Nxe5 8. dxe5 Nd7 9. g4 Bg6 10. h4 h6 11. Bd3 Bxd3 12. cxd3 Be7 13. Bg3 Qb6 14. Qc2 c5 15. d4 Qc6 16. Qa4 Qxa4 17. Nxa4 cxd4 18. exd4 Rc8 19. Nc3 Rc4 20. Ne2 O-O 21. Kd2 Rfc8 22. Rac1 Nb6 23. Kd3 Kf8 24. f4 g6 25. Rxc4 Nxc4 26. Rb1 Rc6 27. a4 Bb4 28. b3 Nd2 29. Rb2 Ne4 30. Rc2 Rxc2 31. Kxc2 Nxg3 32. Nxg3 Be1 33. Ne2 Bxh4 34. Kd2 Ke8 35. Nc3 a6 36. b4 Be7 37. Na2 Kd7 38. Kc3 Kc6 39. Nc1 Bh4 40. Nd3 Bg3 41. Kd2 Bh4 42. Ke3 Be7 43. Kd2 f5 44. exf6 Bxf6 45. Ke3 b6 46. b5+ axb5 47. Nb4+ Kd6 48. axb5 g5 49. Nc2 gxf4+ 50. Kxf4 Bxd4 0-1

[Event "Reykjavik Open 2025"]
[Site "Reykjavik"]
[Date "2025.04.12"]
[Round "5.157"]
[White "Hauksdottir, Hrund"]
[Black "Moseley, Alan"]
[Result "1/2-1/2"]
[WhiteElo "1875"]
[WhiteFideId "2302608"]
[BlackElo "1760"]
[BlackFideId "30963311"]
[Variant "Standard"]
[StudyName "ROpen 2025 - Rd5 - Boards 109-172"]
1. e4 e6 2. d4 d5 3. exd5 exd5 4. Nf3 Bg4 5. Qe2+ Qe7 6. Qxe7+ Bxe7 7. Ne5 Be6 8. Bf4 Nd7 9. Nd2 O-O-O 10. Bd3 Nxe5 11. Bxe5 Bf6 12. f4 Bxe5 13. dxe5 Ne7 14. O-O-O Bf5 15. Be2 h5 16. h3 h4 17. Rhf1 Be6 18. Nf3 Nf5 19. Rde1 Ng3 20. Rf2 Ne4 21. Rff1 Ng3 22. Rf2 Ne4 23. Rff1 Ng3 1/2-1/2

[Event "Reykjavik Open 2025"]
[Site "Reykjavik"]
[Date "2025.04.12"]
[Round "5.158"]
[White "Frey, Charles F"]
[Black "Jacobs, Simon"]
[Result "1/2-1/2"]
[WhiteElo "1871"]
[WhiteFideId "2027755"]
[BlackElo "1754"]
[BlackFideId "343440673"]
[Variant "Standard"]
[StudyName "ROpen 2025 - Rd5 - Boards 109-172"]
1. e4 c6 2. d4 d5 3. e5 c5 4. c3 Nc6 5. Nf3 cxd4 6. cxd4 Bg4 7. Be3 e6 8. a3 Nge7 9. Be2 Nf5 10. O-O Be7 11. h3 Bxf3 12. Bxf3 Qb6 13. Qa4 Nxe3 14. fxe3 Qxb2 15. Nc3 Qxc3 16. Kf2 Qd3 17. Rfd1 Qg6 18. Rab1 O-O 19. Rxb7 Bh4+ 20. Kf1 Ne7 21. g4 Qg5 22. Ke2 f5 23. exf6 Qxf6 24. Rf1 Ng6 25. Rxa7 Rxa7 26. Qxa7 Qe7 27. Qa6 Rb8 28. Rc1 Nf8 29. Rc3 Qb7 30. Qd3 Qb1 31. Qxb1 Rxb1 32. e4 dxe4 33. Bxe4 Ra1 34. d5 Re1+ 35. Kd3 exd5 36. Bxd5+ Ne6 37. a4 Kf8 38. Kc4 Bd8 39. Bb7 Ra1 40. Bc6 Ke7 41. Rd3 Rc1+ 42. Rc3 Rxc3+ 43. Kxc3 Kd6 44. Be4 h6 45. Bg2 Kc5 46. Bf1 Nf4 47. Kd2 Kb4 48. Ke3 Nd5+ 49. Ke4 Nc3+ 50. Kf5 Nxa4 51. Kg6 Bf6 52. Kh5 Nc5 53. h4 Ne6 54. g5 hxg5 55. hxg5 Nxg5 56. Kg6 Kc5 57. Kf5 Kd4 58. Bb5 Nf7 59. Kf4 Be5+ 60. Kg4 Nd6 61. Bd7 Ne4 62. Be6 g5 63. Bc8 Bf4 64. Bb7 Ke3 65. Bc8 Nf2+ 66. Kh5 Kf3 67. Bb7+ Kg3 68. Bc8 Be3 69. Bf5 Kf4 70. Bc8 Ne4 71. Be6 Ng3+ 72. Kg6 Ke5 73. Bc8 Ne4 74. Bd7 Nc5 75. Bc8 Ne6 76. Kh5 Kf5 77. Bd7 Kf6 78. Kg4 1/2-1/2

[Event "Reykjavik Open 2025"]
[Site "Reykjavik"]
[Date "2025.04.12"]
[Round "5.159"]
[White "Le Pen, Michel"]
[Black "Hallsson, Jon Eggert"]
[Result "0-1"]
[WhiteElo "1668"]
[WhiteFideId "656330"]
[BlackElo "1869"]
[BlackFideId "2311569"]
[Variant "Standard"]
[StudyName "ROpen 2025 - Rd5 - Boards 109-172"]
1. g3 e6 2. Bg2 f5 3. Nf3 Nf6 4. b3 Be7 5. Bb2 d6 6. d3 e5 7. Nc3 O-O 8. e4 Qe8 9. exf5 Nc6 10. Nh4 Nd4 11. Nd5 Nxd5 12. Bxd5+ Kh8 13. Bxd4 exd4 14. Qe2 Bxh4 15. gxh4 Qxe2+ 16. Kxe2 Rxf5 17. Be4 Rf4 18. Rag1 Bd7 19. Rg3 Re8 20. Kf1 Rxh4 21. h3 a5 22. Kg2 b5 23. Rf3 Rh5 24. Rf7 Rd8 25. Kg3 Kg8 26. Rf4 Rg5+ 27. Kh4 Rc5 28. Rc1 g5+ 0-1

[Event "Reykjavik Open 2025"]
[Site "Reykjavik"]
[Date "2025.04.12"]
[Round "5.160"]
[White "Adair, Derek"]
[Black "Winter, Kevin"]
[Result "1-0"]
[WhiteElo "1865"]
[WhiteFideId "39919072"]
[BlackElo "1751"]
[BlackFideId "421960"]
[Variant "Standard"]
[StudyName "ROpen 2025 - Rd5 - Boards 109-172"]
1. d4 d5 2. Nf3 e6 3. c4 c6 4. Nc3 f5 5. g3 Nf6 6. Bg2 Be7 7. O-O O-O 8. Bf4 Ne4 9. Qc2 Qe8 10. Ne5 Nxc3 11. bxc3 Nd7 12. cxd5 Nxe5 13. Bxe5 exd5 14. c4 Be6 15. cxd5 cxd5 16. Qb3 Qd7 17. Rab1 b6 18. a4 Bd8 19. Rfc1 Rf7 20. Rc3 a6 21. Rbc1 Ra7 22. Rc6 Rc7 23. Bxc7 Bg5 24. Bf4 Bxf4 25. gxf4 1-0

[Event "Reykjavik Open 2025"]
[Site "Reykjavik"]
[Date "2025.04.12"]
[Round "5.161"]
[White "Leosson, Haukur Vidis"]
[Black "Halldorsson, Nirvaan"]
[Result "1/2-1/2"]
[WhiteElo "1863"]
[WhiteFideId "2325780"]
[BlackElo "1701"]
[BlackFideId "2330016"]
[Variant "Standard"]
[StudyName "ROpen 2025 - Rd5 - Boards 109-172"]
1. d4 d5 2. c4 e6 3. Nc3 c6 4. Nf3 Nf6 5. Bg5 Nbd7 6. e3 Bd6 7. Qc2 O-O 8. Bd3 h6 9. Bh4 Re8 10. cxd5 exd5 11. O-O Qc7 12. Rfc1 a6 13. Rab1 Qb8 14. b4 Ng4 15. Bg3 Bxg3 16. hxg3 Ndf6 17. a4 Nh5 18. e4 dxe4 19. Nxe4 Bf5 20. Re1 Bxe4 21. Bxe4 Nhf6 22. Bf5 Qd6 23. Qc5 Red8 24. Re7 b6 25. Qxd6 Rxd6 26. Rbe1 Rd5 27. Bxg4 Nxg4 28. Rb7 c5 29. Rxb6 cxd4 30. Re4 h5 31. Rxd4 Rxd4 32. Nxd4 Rc8 33. Ne2 Rd8 34. Nc3 Re8 35. Kf1 Nh2+ 36. Kg1 Ng4 37. Kf1 Nh2+ 38. Kg1 Ng4 39. Kf1 Nh2+ 1/2-1/2

[Event "Reykjavik Open 2025"]
[Site "Reykjavik"]
[Date "2025.04.12"]
[Round "5.162"]
[White "Nergard, Ole-Kristian"]
[Black "Bulva, Maksim"]
[Result "0-1"]
[WhiteElo "1863"]
[WhiteFideId "1543156"]
[BlackElo "1660"]
[BlackFideId "54140110"]
[Variant "Standard"]
[StudyName "ROpen 2025 - Rd5 - Boards 109-172"]
1. c4 e5 2. g3 Nc6 3. Bg2 Bc5 4. Nc3 a6 5. d3 d6 6. Nf3 Bg4 7. h3 Be6 8. Ng5 Qd7 9. Nxe6 fxe6 10. e3 Nf6 11. O-O O-O 12. a3 Rab8 13. b4 Ba7 14. Bb2 Ne7 15. a4 c5 16. b5 a5 17. Qd2 Bb6 18. Ne4 Ng6 19. f4 d5 20. fxe5 Nxe4 21. dxe4 d4 22. exd4 cxd4 23. Rxf8+ Rxf8 24. Ba3 d3+ 25. Kh1 Rf2 26. Qg5 Qd4 27. Rd1 Rxg2 28. Kxg2 Qxe4+ 0-1

[Event "Reykjavik Open 2025"]
[Site "Reykjavik"]
[Date "2025.04.12"]
[Round "5.163"]
[White "Alguno Openia, Tristan Nash"]
[Black "Van Meter, Lester"]
[Result "1/2-1/2"]
[WhiteElo "1624"]
[WhiteFideId "2330180"]
[BlackElo "1857"]
[BlackFideId "2001691"]
[Variant "Standard"]
[StudyName "ROpen 2025 - Rd5 - Boards 109-172"]
1. d4 d5 2. c4 dxc4 3. e3 e5 4. Bxc4 Nc6 5. d5 Na5 6. Be2 c6 7. Nc3 Nf6 8. e4 Bb4 9. Bg5 Bxc3+ 10. bxc3 cxd5 11. Bxf6 gxf6 12. Qxd5 Qxd5 13. exd5 b6 14. Nf3 Rg8 15. O-O Bd7 16. Rfc1 Rc8 17. Nd2 f5 18. c4 Nb7 19. Nb3 Nc5 20. f4 f6 21. Re1 Ke7 22. Bf1 Kd6 23. Nd2 Rg4 24. fxe5+ fxe5 25. h3 Rg7 26. Re3 f4 27. Rf3 Bf5 28. Re1 Rcg8 29. Kh2 h5 30. Rf2 Bd3 31. Nf3 1/2-1/2

[Event "Reykjavik Open 2025"]
[Site "Reykjavik"]
[Date "2025.04.12"]
[Round "5.164"]
[White "Skjoldebrand, Martin"]
[Black "Seshadri, Sridhar"]
[Result "1-0"]
[WhiteElo "1856"]
[WhiteFideId "1711911"]
[BlackElo "1623"]
[BlackFideId "30913942"]
[Variant "Standard"]
[StudyName "ROpen 2025 - Rd5 - Boards 109-172"]
1. d4 d5 2. c4 e5 3. dxe5 d4 4. a3 c5 5. Nf3 Nc6 6. e3 Bg4 7. Be2 Bxf3 8. Bxf3 Qc7 9. Qa4 Ne7 10. exd4 cxd4 11. Bf4 Ng6 12. Bxc6+ bxc6 13. Bg3 Be7 14. O-O O-O 15. c5 Bh4 16. Bxh4 Nxh4 17. Qxd4 Qe7 18. Nc3 Rad8 19. Qe4 Rc8 20. Rad1 Rfe8 21. Rd6 f5 22. Qc4+ Kh8 23. f4 Ng6 24. Rfd1 Qh4 25. g3 Qg4 26. Qe2 Qh3 27. Qg2 Qg4 28. Rxc6 Nxf4 29. Rxc8 Nh3+ 30. Qxh3 Rxc8 31. Qxg4 fxg4 32. b4 Kg8 33. Rd7 a5 34. e6 axb4 35. axb4 Kf8 1-0

[Event "Reykjavik Open 2025"]
[Site "Reykjavik"]
[Date "2025.04.12"]
[Round "5.165"]
[White "B. Berglindardottir, Emilia Embla"]
[Black "Jonsson, Olafur Gisli"]
[Result "0-1"]
[WhiteElo "1606"]
[WhiteFideId "2318946"]
[BlackElo "1856"]
[BlackFideId "2302705"]
[Variant "Standard"]
[StudyName "ROpen 2025 - Rd5 - Boards 109-172"]
1. d4 Nf6 2. c4 e6 3. Nc3 Bb4 4. Bd2 d5 5. e3 O-O 6. a3 Be7 7. c5 c6 8. Bd3 e5 9. f3 Nbd7 10. Qc2 Re8 11. Nge2 Bf8 12. O-O-O b6 13. b4 a5 14. g4 axb4 15. axb4 g6 16. h4 bxc5 17. dxc5 Ba6 18. e4 Bxd3 19. Qxd3 Bxc5 20. bxc5 Nxc5 21. Qc2 Qa5 22. Rdg1 Reb8 23. Kd1 d4 24. h5 Qa1+ 25. Qc1 dxc3 26. Nxc3 Rb2 27. Ke2 Qa6+ 28. Kd1 Nd3 29. Qxb2 Nxb2+ 30. Kc2 Qd3+ 0-1

[Event "Reykjavik Open 2025"]
[Site "Reykjavik"]
[Date "2025.04.12"]
[Round "5.167"]
[White "Kaalinnguaq Thorleifsen, Thomas"]
[Black "Carr, Jay"]
[Result "0-1"]
[WhiteElo "1552"]
[WhiteFideId "2330938"]
[BlackElo "1843"]
[BlackFideId "30922690"]
[Variant "Standard"]
[StudyName "ROpen 2025 - Rd5 - Boards 109-172"]
1. e4 c5 2. c3 Nf6 3. f3 e6 4. Nh3 Nc6 5. d4 d5 6. e5 Nd7 7. Be3 Ne7 8. Bd3 cxd4 9. cxd4 Qb6 10. Qd2 Nc6 11. a3 Nxd4 12. O-O Nxe5 13. Bc2 Bc5 14. Ba4+ Bd7 15. Bxd7+ Kxd7 16. Kh1 Nb3 17. Qc3 Bxe3 18. Qxe5 Nxa1 19. Nc3 Bd4 20. Qf4 Bf6 21. Na4 Qb5 22. Rxa1 Rac8 23. Nc3 Qxb2 24. Qa4+ Ke7 25. Nxd5+ exd5 26. Re1+ Kd6 27. Nf4 Rc1 0-1

[Event "Reykjavik Open 2025"]
[Site "Reykjavik"]
[Date "2025.04.12"]
[Round "5.169"]
[White "Mize, Dylan"]
[Black "Balyan, Vardan"]
[Result "1-0"]
[WhiteElo "1826"]
[WhiteFideId "30932599"]
[BlackElo "1621"]
[BlackFideId "30977150"]
[Variant "Standard"]
[StudyName "ROpen 2025 - Rd5 - Boards 109-172"]
1. d4 d5 2. Nf3 Nf6 3. e3 e6 4. Bd3 b6 5. O-O Bb7 6. b3 Nbd7 7. Bb2 Bd6 8. Ne5 Rc8 9. Nd2 c5 10. f4 O-O 11. Nxd7 Nxd7 12. dxc5 bxc5 13. Bxh7+ Kxh7 14. Qh5+ Kg8 15. Bxg7 Kxg7 16. Qg4+ Kh7 17. Rf3 Qf6 18. Rh3+ Qh6 19. Rxh6+ Kxh6 20. Qg5+ Kh7 21. Nf3 Rg8 22. Qh5+ Kg7 23. Ng5 Nf8 24. Qxf7+ Kh8 25. Qf6+ Rg7 26. Nf7+ Kg8 27. Nxd6 Rcc7 28. Nxb7 Rxb7 29. Rf1 Rg6 30. Qe5 Rbg7 31. g3 Nd7 32. Qd6 Rh6 33. f5 Nf8 34. fxe6 Nxe6 35. Qxd5 Kh8 36. Rf5 Kh7 37. Rh5 Rf7 38. Rxh6+ Kxh6 39. Qxe6+ 1-0